Aesthtics and Ethics (0 521 77805 6)
Đã lưu trong:
| Príomhúdar: | |
|---|---|
| Formáid: | Leabhar |
| Teanga: | Undetermined |
| Foilsithe: |
Cambridge
1998
|
| Clibeanna: |
Cuir Clib Leis
Gan Chlibeanna, Bí ar an gcéad duine leis an taifead seo a chlibeáil!
|
| Thư viện lưu trữ: | Trung tâm Học liệu Trường Đại học Cần Thơ |
|---|
| LEADER | 00394nam a2200145Ia 4500 | ||
|---|---|---|---|
| 001 | CTU_49318 | ||
| 008 | 210402s9999 xx 000 0 und d | ||
| 082 | |a 111.85 | ||
| 082 | |b A253 | ||
| 100 | |a JERROLD LEVINSON | ||
| 245 | 0 | |a Aesthtics and Ethics (0 521 77805 6) | |
| 245 | 0 | |c JERROLD LEVINSON | |
| 260 | |b Cambridge | ||
| 260 | |c 1998 | ||
| 980 | |a Trung tâm Học liệu Trường Đại học Cần Thơ | ||